LEADER 00917nam a2200217 i 4500 001 000000215192 003 CaOOAMICUS 005 20231026113330.0 008 120816s1806 it u000 u mul u 013 $a194064 026 $aresi elo- s.u- come (3) 1806 (R) 040 $aSeMil$bita 245 10$aTomo 3. 300 $a[8], 391 [i.e. 393], [2] p. 500 $aSegn.: pg4 A-3C4 3D2 (3D2 bianca) 500 $aLe p. 71-72 ripetute nella numerazione 773 0 $aGerdil, Giacinto Sigismondo <1718-1802>$tOpere edite ed inedite del cardinale Giacinto Sigismondo Gerdil ... dedicate alla Santità di N. S. Pio 7. p. m. Tomo 1. [-20.].$dIn Roma : Dalle stampe di Vincenzo Poggioli, in via dell'Anima n. 10, 1806-1821.$g3$w()27233 850 $aSeMil 852 $aSeMil$W1$xVenegono$y1$m2B V 3 FA$j165613$B165613$CSeMilBibl$Z2$F176611 $8I 996 $6245$aTomo 3$9(OLS)http://semarc/title/53129 LEADER 00951nam a2200193 i 4500 001 000000223199 003 CaOOAMICUS 005 20240212144139.0 008 131007s1813 it u000 u ita u 013 $a202096 026 $afaa- tadi lesa leil (7) 1813 (A) 040 $aSeMil$bita 245 10$aVol. 2. 300 $a166, [3] p. 773 0 $aGenlis, Stéphanie-Félicité Du Crest $tBotanica istorica e letteraria che contiene tutti i tratti, tutti gli aneddoti, e le superstizioni relative ai fiori de' quali si fa menzione nella storia sacra e profana. ... seguita da una novella intitolata I fiori o gli artisti di madama di Genlis. Versione dal francese. Vol. 1. [- 2.].$dMilano : Francesco Sonzogno di Gio. Batt., 1813.$g2$w()16086 850 $aSeMil 852 $aSeMil$W1$xVenegono$y1$m2P I 25 FA$j173545$B173545$CSeMilBibl$Z2$F183897 $8I 996 $6245$aVol. 2$9(OLS)http://semarc/title/13458